00397nam a2200145Ia 450000500170000000800460001703700120006304000200007504100130009508400220010810000220013024500320015226000570018430000100024120250508161657.0008 250505s9999 xx 000 0 eng d aTextual aFEDLbengcFEDL aeng2eng a378.12, JOUqFEDL aJoughin Louis Ed. 0aAcademic freedom and tenure aLondon, UKbThe University of Wisconsin Press c1969 a373p.